Shakespeare's Losing It Quiz Stats

Quiz Updated Jan 10, 2016

Challenge
Share
Tweet
Embed
Score 0/9 Timer 02:00
3 Plays Today
Hint Answer % Correct
Tragedies
Without F-U-R-Y
Hamlet
80%
Tragedies
Without F-U-R-Y
Macbeth
76%
Tragedies
Without F-U-R-Y
Othello
71.7%
Histories
Without the P-A-S-T
Henry V
70%
Histories
Without the P-A-S-T
Henry VIII
50.6%
Comedies
Without a L-A-U-G-H
Tempest
43.4%
Histories
Without the P-A-S-T
King John
41%
Comedies
Without a L-A-U-G-H
Merry Wives of Windsor
27.6%
Comedies
Without a L-A-U-G-H
Comedy of Errors
22.3%

You're not logged in!

Compare scores with friends on all Sporcle quizzes.
Sign Up with Email
OR
Log In

You Might Also Like...

Show Comments

Extras

Top Quizzes Today


Score Distribution

Your Account Isn't Verified!

In order to create a playlist on Sporcle, you need to verify the email address you used during registration. Go to your Sporcle Settings to finish the process.